| 000 | 00413nam a2200169Ia 4500 | ||
|---|---|---|---|
| 008 | 221030s9999 xx 000 0 und d | ||
| 020 | _a8122414346 | ||
| 041 | _aEnglish | ||
| 082 |
_a105.23 _bKum |
||
| 100 | _aS. A. Kumar | ||
| 245 | 0 | _aEntrepreneurship Development | |
| 260 |
_bNew Age International Pub _aNew Delhi _c2005 |
||
| 300 | _a283 | ||
| 650 | _aManagement | ||
| 700 | _aS. C. Poornima | ||
| 942 | _cBK | ||
| 999 |
_c613 _d613 |
||